Systémové přístupy ... pracovní konference s mezinárodní účastí : Praha ... : sborník příspěvků

Corporate Author: Vysoká škola ekonomická v Praze. Fakulta informatiky a statistiky. Katedra systémové analýzy
Other Authors: Systémové přístupy (konference)
Language: Slovak
Czech
English
Published: Praha : Oeconomica, [2008]-
Subjects:
Physical Description: ^^^CD-ROM : barev. ; 12 cm
Subscribed years: 2004-
Language note: Část. anglický a slovenský text, v r. 2013 anglický text
Newspaper or Journal
Saved in:
LEADER 04205nas a22008052a 4500
001 000795503
003 CZ BrMZK
005 20160421112957.0
006 m d
007 co cg
008 100222c20089999xr ar s 1 b0cze
015 |a cnb002086425  |z cnb001816161 
040 |a BOA001  |b cze 
041 0 |a cze  |a slo  |a eng 
072 7 |a 005  |x Management. Řízení  |2 Konspekt  |9 4 
080 |a 303.732.4  |2 MRF 
080 |a 303.725.36  |2 MRF 
080 |a 005  |2 MRF 
080 |a [007+004]-027.22  |2 MRF 
080 |a (062.534)  |2 MRF 
080 |a (0.034.44)  |2 MRF 
111 2 |a Systémové přístupy (konference)  |7 kn20051021011 
245 1 0 |a Systémové přístupy ...  |h [elektronický zdroj] :  |b pracovní konference s mezinárodní účastí : Praha ... : sborník příspěvků 
246 1 |i Název na titulní obrazovce:  |a Sborník příspěvků z konference Systémové přístupy ... 
246 3 |a Recenzovaný sborník příspěvků z konference Systémové přístupy ... 
246 1 2 |a Systémové myšlení a problémy globálního světa  |f 2012 
246 3 3 |a SP 
246 1 |i Název v r. 2013:  |a System approaches ... 
260 |a Praha :  |b Oeconomica,  |c [2008]- 
300 |a ^^^CD-ROM :  |b barev. ;  |c 12 cm 
310 |a 1x ročně 
500 |a Popsáno podle: r. 2007; název z disku 
500 |a Součástí názvu je označení běžného roku, součástí podnázvu datum konání 
500 |a Nad názvem: Katedra systémové analýzy, Fakulta informatiky a statistiky, Vysoká škola ekonomická v Praze 
500 |a Od r. 2013 v angl., zprac. samostatně 
538 |a Požadavky na systém: internetový prohlížeč, Adobe Acrobat Reader 
541 |c pv-cdr 
546 |a Část. anglický a slovenský text, v r. 2013 anglický text 
650 0 7 |a systémová analýza  |7 ph116372  |2 czenas 
650 0 7 |a systémové inženýrství  |7 ph116373  |2 czenas 
650 0 7 |a management  |7 ph115217  |2 czenas 
650 0 7 |a aplikovaná informatika  |7 ph114072  |2 czenas 
650 0 9 |a system analysis  |2 eczenas 
650 0 9 |a systems engineering  |2 eczenas 
650 0 9 |a management  |2 eczenas 
650 0 9 |a applied informatics  |2 eczenas 
655 7 |a sborníky konferencí  |7 fd133333  |2 czenas 
655 7 |a CD-ROM  |7 fd133955  |2 czenas 
655 9 |a proceedings of conferences  |2 eczenas 
655 9 |a CD-ROM  |2 eczenas 
710 2 |a Vysoká škola ekonomická v Praze.  |b Fakulta informatiky a statistiky.  |b Katedra systémové analýzy  |7 kn20010709166 
902 |a 978-80-245-1320-1  |q (2007) 
902 |a 978-80-245-1481-9  |q (2008) 
902 |a 978-80-245-1614-1  |q (2009) 
902 |a 978-80-245-1728-5  |q (2010) 
902 |a 978-80-245-1844-2  |q (2011) 
902 |a 978-80-245-1921-0  |q (2012) 
910 |a BOA001  |b CDR-1153.660  |r 2004- 
990 |a SE 
995 |a 01 
991 |b 200511 
996 6 |b 2610265488  |c CDR-1153.660  |d 2004  |v 2004  |y 2004  |l Stud. periodik/2.patro  |r Sklad / do 1 hodiny  |n 0  |p cdr-p.v.  |w 000795503  |u 000010  |a 1  |e BOA001  |j MZK50  |s P 
996 3 |b 2610289264  |c CDR-1153.660  |d 2005  |y 2005  |l Stud. periodik/2.patro  |r Sklad / do 1 hodiny  |n 0  |p cdr-p.v.  |w 000795503  |u 000020  |a 1  |e BOA001  |j MZK50  |s N 
996 3 |b 2610319165  |c CDR-1153.660  |d 2006  |v 2006  |y 2006  |l Stud. periodik/2.patro  |r Sklad / do 1 hodiny  |n 0  |p cdr-p.v.  |w 000795503  |u 000030  |a 1  |e BOA001  |j MZK50  |s N 
996 6 |b 2610344294  |c CDR-1153.660  |d 2007  |v 2007  |y 2007  |l Stud. periodik/2.patro  |r Sklad / do 1 hodiny  |n 0  |p cdr-p.v.  |w 000795503  |u 000040  |a 1  |e BOA001  |j MZK50  |s P 
996 3 |b 2610364235  |c CDR-1153.660  |d 2008  |v 2008  |y 2008  |l Stud. periodik/2.patro  |r Sklad / do 1 hodiny  |n 0  |p cdr-p.v.  |w 000795503  |u 000050  |a 1  |e BOA001  |j MZK50  |s N 
996 6 |b 2610450467  |c CDR-1153.660  |d 2009  |v 2009  |y 2009  |l Stud. periodik/2.patro  |r Sklad / do 1 hodiny  |n 0  |p cdr-p.v.  |w 000795503  |u 000060  |a 1  |e BOA001  |j MZK50  |s P 
996 6 |b 2610513331  |c CDR-1153.660  |d 2010  |y 2010  |l Stud. periodik/2.patro  |r Sklad / do 1 hodiny  |n 0  |p cdr-p.v.  |w 000795503  |u 000070  |a 1  |e BOA001  |j MZK50  |s P 
996 6 |b 2610555071  |c CDR-1153.660  |d 2012  |y 2012  |l Stud. periodik/2.patro  |r Sklad / do 1 hodiny  |n 0  |p cdr-p.v.  |w 000795503  |u 000080  |a 1  |e BOA001  |j MZK50  |s P 
996 6 |b 2610571010  |c CDR-1153.660  |d 2011  |y 2011  |l Stud. periodik/2.patro  |r Sklad / do 1 hodiny  |n 0  |p cdr-p.v.  |w 000795503  |u 000090  |a 1  |e BOA001  |j MZK50  |s P